Las relaciones económicas entre América Latina y la Unión Europea (Registro nro. 6534)

Detalles MARC
000 -LEADER
fixed length control field 01784 a2200217 4500
001 - CONTROL NUMBER
control field 58969
005 - DATE AND TIME OF LATEST TRANSACTION
control field 20260407155844.0
008 - FIXED-LENGTH DATA ELEMENTS--GENERAL INFORMATION
fixed length control field 260407a1996 arg spa d
003 - CONTROL NUMBER IDENTIFIER
control field AR-UNSa-BCEJYS
040 ## - CATALOGING SOURCE
Original cataloging agency AR-UNSa-BCEJYS
Language of cataloging spa
Transcribing agency AR-UNSa-BCEJYS
080 ## - UNIVERSAL DECIMAL CLASSIFICATION NUMBER
Universal Decimal Classification number 339.92
Common auxiliary subdivision Cooperación económica internacional. Integración económica internacional
020 ## - INTERNATIONAL STANDARD BOOK NUMBER
International Standard Book Number 92-1-321438-3
041 ## - LANGUAGE CODE
Language code of text/sound track or separate title spa
100 1# - MAIN ENTRY--PERSONAL NAME
Personal name Gana, Eduardo
245 10 - TITLE STATEMENT
Title Las relaciones económicas entre América Latina y la Unión Europea
Name of part/section of a work El papel de los servicios exteriores
264 #1 - PRODUCTION, PUBLICATION, DISTRIBUTION, MANUFACTURE, AND COPYRIGHT NOTICE
Place of production, publication, distribution, manufacture Santiago de Chile :
Name of producer, publisher, distributor, manufacturer CEPAL (Comisión Económica para América Latina y el Caribe)
Date of production, publication, distribution, manufacture, or copyright notice 1996
300 ## - PHYSICAL DESCRIPTION
Extent 396 p.
Dimensions 26 cm.
505 ## - FORMATTED CONTENTS NOTE
Formatted contents note 1. El concepto de cooperación internacional como asistencia oficial para el desarrollo - 2. La oferta europea de cooperación internacional - 3. La demanda de cooperación internacional de América Latina - 4. La inversión extranjera directa y la transferencia de tecnología entre Europa y América Latina - 5. El desarrollo del comercio entre América Latina y la Unión Europea - 6. El papel de los servicios exteriores en la cooperación, las inversiones, la transferencia de tecnología y el comercio internacional - 7. El papel de la cooperación en el sistema internacional - 8. América Latina y la oferta europea de cooperación internacional - 9. La demanda de cooperación internacional para el desarrollo de América Latina - 10. Inversión extranjera directa en América Latina: sus tendencias y aspectos institucionales - 11. La tranferencia tecnológica entre Europa y América Latina - 12. La política comercial de la Unión Europea - 13. La promoción de exportaciones de algunos países de América Latina .
590 ## - LOCAL NOTE (RLIN)
Local note niveau_biblio:m niveau_hierar:0
942 ## - ADDED ENTRY ELEMENTS (KOHA)
Koha item type
Existencias
Withdrawn status Lost status Damaged status Not for loan Home library Current library Shelving location Date acquired Total checkouts Full call number Barcode Date last seen Price effective from Koha item type
        Biblioteca Prof. Eusebio Cleto del Rey Biblioteca Prof. Eusebio Cleto del Rey   07/04/2026   339.92 G195 L85632 07/04/2026 07/04/2026 Libro